TÜRKİYEYİ GEZİYORUM 1 LEVENT RİZE'DE (Record no. 1299365)
[ view plain ]
| 000 -LEADER | |
|---|---|
| sabit uzunluktaki kontrol alanı | 00277nam a2200097Ia 4500 |
| 001 - KONTROL NUMARASI | |
| kontrol alanı | 1299365 |
| 005 - EN SON İŞLEMİN TARİH VE ZAMANI | |
| kontrol alanı | 20260417170343.0 |
| 008 - SABİT-UZUNLUKTA VERİ ÖĞELERİ--GENEL BİLGİ | |
| sabit uzunluktaki kontrol alanı | 260417s9999 xx 000 0 und d |
| 245 #0 - ESER / YAZAR | |
| ESER ADI | TÜRKİYEYİ GEZİYORUM 1 LEVENT RİZE'DE |
| Yazar Adı | MUSTAFA ORAKÇI |
| 260 ## - YAYIN, DAĞITIM, VB. | |
| YAYIN EVİ | TİMAŞ ÇOCUK YAYINLARI |
| Düşüm durumu | Kayıp durumu | Hasar Durumu | Ödünç verilmez | Ana kütüphane | Geçerli Kütüphane | Edinilen tarih | Toplam ödünç verme sayısı | Barkod | Son görüntüleme tarihi | Fiyatın geçerli olmaya başladığı tarih | Koha materyal türü |
|---|---|---|---|---|---|---|---|---|---|---|---|
| SULTAN MESUT İLKOKULU | SULTAN MESUT İLKOKULU | 17.04.2026 | 10454116 | 17.04.2026 | 17.04.2026 | Books |